[Event "Olomouc IM-B"]
[Site "Olomouc"]
[Date "2011.08.07"]
[Round "5"]
[White "Ruzicka, Petr"]
[Black "Mackowiak, Marek"]
[Result "1-0"]
[WhiteElo "2271"]
[BlackElo "2236"]
[PlyCount "71"]
[EventDate "2011.08.03"]
[EventType "tourn"]
[EventRounds "9"]
[EventCountry "CZE"]
[EventCategory "1"]
[SourceTitle "CBM 144 Extra"]
[Source "ChessBase"]
[SourceDate "2011.10.28"]
[SourceVersion "1"]
[SourceVersionDate "2011.10.28"]
[SourceQuality "1"]

1. Nf3 g6 2. g3 Bg7 3. d4 Nf6 4. b3 d5 5. Bb2 c6 6. Bg2 Bf5 7. 0-0 Qc8 8. Re1 0-0 9. Nbd2 Ne4 10. Nh4 Nxd2 11. Nxf5 Qxf5 12. Qxd2 e6 13. c4 Nd7 14. Rad1 Nf6 15. f3 Qh5 16. Ba3 Rfd8 17. e3 Rd7 18. Qf2 dxc4 19. bxc4 Qa5 20. Qb2 Rad8 21. Bb4 Qa4 22. Rd3 a5 23. Bc5 Qxc4 24. Ra3 Ne8 25. Rc1 Qd5 26. Rxa5 Qg5 27. f4 Qh6 28. Ra7 e5 29. Rxb7 Rxb7 30. Qxb7 exd4 31. Be7 Rd6 32. Qc8 Re6 33. Qxe8+ Bf8 34. Qxf8+ Qxf8 35. Bxf8 Kxf8 36. exd4 1-0

[Event "Olomouc IM-B"]
[Site "Olomouc"]
[Date "2011.08.06"]
[Round "4"]
[White "Groetz, Harald"]
[Black "Ruzicka, Petr"]
[Result "1-0"]
[WhiteElo "2256"]
[BlackElo "2271"]
[PlyCount "71"]
[EventDate "2011.08.03"]
[EventType "tourn"]
[EventRounds "9"]
[EventCountry "CZE"]
[EventCategory "1"]
[SourceTitle "CBM 144 Extra"]
[Source "ChessBase"]
[SourceDate "2011.10.28"]
[SourceVersion "1"]
[SourceVersionDate "2011.10.28"]
[SourceQuality "1"]

1. e4 c5 2. Nf3 d6 3. d4 cxd4 4. Nxd4 Nf6 5. Nc3 a6 6. Be2 e5 7. Nb3 Be7 8. Bg5 Be6 9. Bxf6 Bxf6 10. Qd3 Nc6 11. 0-0-0 Be7 12. Kb1 Nb4 13. Qd2 0-0 14. a3 Nc6 15. g3 a5 16. f4 a4 17. Nc1 Nd4 18. f5 Bd7 19. Nd5 Bg5 20. Qe1 Rc8 21. c3 Nxe2 22. Qxe2 Rc5 23. Nd3 Bb5 24. h4 Be7 25. Qf3 Rc4 26. N3b4 f6 27. Rd2 Re8 28. g4 Kh8 29. Rg2 Bc6 30. g5 Rf8 31. Rhg1 Be8 32. Nxe7 Qxe7 33. Nd5 Qd8 34. gxf6 Rxf6 35. Rxg7 Bf7 36. Qg4 1-0

[Event "CZE-chT 0910"]
[Site "Czech Republic"]
[Date "2009.12.05"]
[Round "3.8"]
[White "Ruzicka, Petr"]
[Black "Znamenacek, Kvetoslav"]
[Result "1/2-1/2"]
[WhiteElo "2283"]
[BlackElo "2299"]
[PlyCount "69"]
[EventDate "2009.11.07"]
[EventType "team-tourn"]
[EventRounds "11"]
[EventCountry "CZE"]
[SourceTitle "CBM 133 Extra"]
[Source "ChessBase"]
[SourceDate "2010.01.05"]
[SourceVersion "1"]
[SourceVersionDate "2010.01.05"]
[SourceQuality "1"]
[WhiteTeam "Trinec"]
[BlackTeam "Bohemians"]
[WhiteTeamCountry "CZE"]
[BlackTeamCountry "CZE"]

1. e4 c5 2. Nf3 Nc6 3. Bb5 g6 4. Bxc6 bxc6 5. d3 Bg7 6. 0-0 d6 7. h3 Rb8 8. c3 Nf6 9. Re1 0-0 10. Na3 Ba6 11. Qc2 Nd7 12. Rb1 Rb7 13. c4 Nb6 14. b4 cxb4 15. Rxb4 Qd7 16. Bd2 Rfb8 17. Reb1 c5 18. R4b3 Qc6 19. Nb5 Bxb5 20. Rxb5 Nd7 21. Rxb7 Rxb7 22. Rxb7 Qxb7 23. Qb3 Qxb3 24. axb3 Nb8 25. Kf1 Nc6 26. Ke2 Kf8 27. Kd1 Bd4 28. Ke2 h5 29. Ne1 f5 30. Nc2 Kf7 31. f3 Kf6 32. Kd1 g5 33. exf5 Kxf5 34. g4+ Kg6 35. Ke2 1/2-1/2

[Event "CZE-chT 0910"]
[Site "Czech Republic"]
[Date "2009.11.08"]
[Round "2.8"]
[White "Ruzicka, Petr"]
[Black "Novotny, Michal"]
[Result "1/2-1/2"]
[WhiteElo "2283"]
[BlackElo "2292"]
[PlyCount "130"]
[EventDate "2009.11.07"]
[EventType "team-tourn"]
[EventRounds "11"]
[EventCountry "CZE"]
[SourceTitle "CBM 133 Extra"]
[Source "ChessBase"]
[SourceDate "2010.01.05"]
[SourceVersion "1"]
[SourceVersionDate "2010.01.05"]
[SourceQuality "1"]
[WhiteTeam "Trinec"]
[BlackTeam "Polabiny"]
[WhiteTeamCountry "CZE"]
[BlackTeamCountry "CZE"]

1. e4 c5 2. Nf3 d6 3. d4 cxd4 4. Nxd4 Nf6 5. Nc3 a6 6. Be3 e5 7. Nf3 Be7 8. Bc4 0-0 9. 0-0 Be6 10. Bb3 Nc6 11. Bg5 Rc8 12. Bxf6 Bxf6 13. Nd5 Nd4 14. c3 Nxb3 15. axb3 Bg5 16. Re1 Bh6 17. b4 Kh8 18. Qd3 f5 19. Nd2 Bxd2 20. Qxd2 fxe4 21. Rxe4 Bxd5 22. Qxd5 Qb6 23. Re2 Rf6 24. Rf1 Rcf8 25. Qd3 h6 26. Qe3 Qc6 27. f3 Rf4 28. Rd1 R8f6 29. Red2 e4 30. Rd4 d5 31. Re1 Qc7 32. fxe4 Qf7 33. h3 dxe4 34. Rxe4 Rf1+ 35. Rxf1 Rxf1+ 36. Kh2 Qc7+ 37. g3 Rf8 38. Re8 Qf7 39. Rxf8+ Qxf8 40. Kg2 Qf5 41. Qe2 Qd5+ 42. Kh2 b5 43. h4 Kg8 44. Qf2 Kh8 45. Qg2 Qe6 46. Qf3 Qa2 47. Qe2 Qd5 48. h5 Qf7 49. g4 Qd5 50. Kg3 Qf7 51. Qf3 Qc7+ 52. Qf4 Qd8 53. Kf2 Qe7 54. Qf3 Qe8 55. Qf5 Qc6 56. Ke3 Qg2 57. Kd4 Qd2+ 58. Kc5 Qxb2 59. Qf8+ Kh7 60. Qf5+ Kh8 61. Qc8+ Kh7 62. Qxa6 Qxc3+ 63. Kxb5 Qd3+ 64. Ka5 Qa3+ 65. Kb5 Qd3+ 1/2-1/2

[Event "CZE-chT 0910"]
[Site "Czech Republic"]
[Date "2009.11.07"]
[Round "1.8"]
[White "Skliba, Martin"]
[Black "Ruzicka, Petr"]
[Result "1/2-1/2"]
[WhiteElo "2281"]
[BlackElo "2283"]
[PlyCount "79"]
[EventDate "2009.11.07"]
[EventType "team-tourn"]
[EventRounds "11"]
[EventCountry "CZE"]
[SourceTitle "CBM 133 Extra"]
[Source "ChessBase"]
[SourceDate "2010.01.05"]
[SourceVersion "1"]
[SourceVersionDate "2010.01.05"]
[SourceQuality "1"]
[WhiteTeam "Pardubice"]
[BlackTeam "Trinec"]
[WhiteTeamCountry "CZE"]
[BlackTeamCountry "CZE"]

1. d4 Nf6 2. c4 e6 3. Nc3 Bb4 4. e3 0-0 5. Bd3 Bxc3+ 6. bxc3 d6 7. Ne2 b6 8. Ng3 Nbd7 9. 0-0 Bb7 10. e4 e5 11. f4 Re8 12. fxe5 dxe5 13. d5 Qe7 14. Nf5 Qf8 15. Bg5 Kh8 16. Rf3 Ng8 17. Qe2 f6 18. Bd2 g6 19. Ne3 Nc5 20. Bc2 Qd6 21. Raf1 Rf8 22. Ng4 Kg7 23. Rg3 Bc8 24. Ne3 Kh8 25. h4 Rf7 26. h5 Ne7 27. hxg6 hxg6 28. Ng4 Bxg4 29. Qxg4 Kg7 30. Rh3 Rh8 31. Rxh8 Kxh8 32. Rf3 Rh7 33. Rh3 Qd7 34. Rxh7+ Kxh7 35. Qh4+ Kg7 36. Bh6+ Kf7 37. Be3 Kg7 38. Bh6+ Kf7 39. Be3 Kg7 40. Bh6+ 1/2-1/2